000 01883nam a22002657a 4500
999 _c57076
_d57076
003 Ge_BSU
005 20191112115901.0
008 191112s2018 ||||| |||| 00| 0 geo d
020 _a9789941301926
041 _ageo
_hrus
080 _a94(479.22)''2008.08.08"+32.019.51 პ-17
100 _aპანფილოვი, ოლეგ.
_95296
245 _aრუსულ-ქართული საინფორმაციო ომი : 2008 წელი /
_cოლეგ პანფილოვი ; რუსულიდან თარგმნა მიხეილ ანთაძემ ; რედ . ნინო დეკანოიძე ; წინათქმა გრიგოლ ვაშაძე ; ყდის დიზაინერი ია მახათაძე.
264 _aთბილისი :
_bბაკურ სულაკაურის გამ-ბა,
_c 2018.
300 _a435 გვ. ;
_c 21 სმ.
500 _aეძღვნება 1801, 1921,1993, 2008 წლების რუსული ოკუპაციისაგან საქართველოს დამცველთა ხსოვნას.
546 _aრუსულიდან ნათარგმნი
653 _a2008 წელი რუსეთ-საქართველოს ომი საქართველოს უახლესი ისტორია.
653 _aსაინფორმაციო ომი
700 _aანთაძე, მიხეილ
_eმთარგმნელი
_94086
700 _a დეკანოიძე, ნინო
_eრედაქტორი
_95297
700 _a ვაშაძე, გრიგოლ
_eწინათქმა
_95298
700 _aმახათაძე, ია
_eყდის დიზაინერი
_95299
942 _2udc
_cBK